| 000 | 01242naa a2200313 c 4500 | ||
|---|---|---|---|
| 001 | 35071 | ||
| 003 | ES-MaCES | ||
| 005 | 20141221114135.0 | ||
| 008 | 050816n2005 sp t 000 | spa d | ||
| 035 | _aCES20050005555v | ||
| 040 |
_aES-MaCES _bspa _cES-MaCES |
||
| 100 | 1 |
_aIgartua, Juan José _915128 |
|
| 245 | 1 | 3 |
_aLa inmigración en la prensa española. Aportaciones empíricas y metodológicas desde la teoría del encuadre noticioso _b= Immigration in the Spanish press. Empirical and met hodological findings in conecction with the news framework theory _cJuan José Igartua, Carlos Muñiz, Lifen Cheng |
| 500 | _aResumen en castellano e inglés | ||
| 504 | _aBibliografía: p. 177-181 | ||
| 650 | 4 |
_aEspaña _926964 |
|
| 650 | 4 |
_ainmigrante _928631 |
|
| 650 | 4 |
_anoticia de prensa _928956 |
|
| 650 | 4 |
_ainmigración _928632 |
|
| 650 | 4 |
_aprensa _927880 |
|
| 650 | 4 |
_amigración _928635 |
|
| 653 | 1 | 0 | _aCiencias Sociales-Políticas |
| 700 | 1 |
_aCheng, Lifen _99550 |
|
| 700 | 1 |
_aMuñiz, Carlos _919334 |
|
| 773 | 0 |
_tMigraciones _gn. 17 (jun. 2005){55/963 R. 061501}; p. 143-181 _w(ES-MaCES)25925 _977830 |
|
| 902 | _aART Artículo de revista | ||
| 942 |
_2CES _cAR _h7.0. |
||
| 999 |
_c35071 _d35071 |
||